Rihanna Charting Albums (Billboard Hot 200) - Statistics

General Stats
  • This quiz has been taken 31 times
  • The average score is 7 of 10
Answer Stats
Year Weeks on Peak Album % Correct
2016 478 #1 ANTI
100%
2009 45 #4 Rated R
96%
2008 189 #2 Good Girl Gone Bad
92%
2010 78 #3 Loud
92%
2011 57 #3 Talk That Talk
88%
2012 80 #1 Unapologetic
85%
2006 45 #5 A Girl Like Me
77%
2005 35 #10 Music Of The Sun
77%
2010 1 #158 Rated R: Remixed
15%
2009 4 #106 Good Girl Gone Bad: The Remixes
12%
No matching quizzes found
Score Distribution
Percent of People with Each Score
Percentile by Number Answered
Your Score History
You have not taken this quiz